000 00715nam a2200253Ia 4500
003 OSt
005 20220925204910.0
006 a|||||r|||| 00| 0
007 ta
008 220923b |||||||| |||| 00| 0 eng d
037 _cGeneral Book
040 _aRTL
_cRTL
_beng
041 _2eng
_aeng
082 _aY714, L5
100 _aSwanson Earl Ed.
245 0 _aLithic Technolgy
_b Making and using stone tools
260 _aHague
_bMouton
_c1975
300 _ax,247p
_ccm.
490 _aWorld Anthropology . Ed by Sol Tax
500 _aBibiliogarphy cahpterewise
650 _aPre-Historic
_9246425
942 _hY714, L5
_cGB
_2CC
999 _c550722
_d550722